000 00381nam a2200157Ia 4500
003 OSt
005 20240205151913.0
008 170523s9999 xx 000 0 und d
020 _a 978-9351428855
040 _ciimt university meerut
100 _aMICHAEL- VP
245 0 _aRESEARCH METHODOLOGY IN MANAGEMENT
260 _bHIMALAYA PUBLICATION
260 _c1990
942 _2ddc
_c02
999 _c315
_d315